00468nam a2200157Ia 45000010006000000050017000060080041000230410008000640820020000721000036000922450129001282600009002573000028002666500008002946540008003021336420260306164756.0260306t2007||||xx |||||||||||||| ||spa|| aESP a001.420711bC24 aCamargo Hermosilla, RaúleAUT 0aLa monografía universitariA:bguía metodológica para la elaboración de monografías y resumen ejecutivo académico c2007 a126 páginas :c24 cm. aGEN aCHU